• 首页
  • 本馆介绍
  • 公告通知
  • 最新文献
  • 馆藏检索
  • 电子资源
  • 读者导购
  • 参考咨询
  • 我的图书馆
  • 登录
  • 详细信息显示
  • 放入我的书架
  • 预约/预借图书
  • 作者相关作品
  • 分类相关作品
  • 丛书相关作品
  • 出版社相关作品

书目信息

  • 表格格式
  • 工作单格式
  • 卡片格式
题名:
塑料废弃物的回收与利用技术
    
 
作者: 刘均科 编
分册:  
出版信息: 北京   中国石化出版社  2000
页数: 345
开本: 20cm
丛书名:
单 册:
中图分类: X783.2
科图分类:
主题词: 化学工业废物--废物处理 , 化学工业废物--废物综合利用 , 化学工业废物 , 化学废物 , 化学废物--废物处理 , 化学废物--废物综合利用
电子资源:
ISBN: 7-80043-850-3
000 00732nam0 2200241 450
001 0754114953
005 20070929150154.95
010    @a7-80043-850-3
100    @a20070929d km y0chiy0120 ea
101 0  @achi
200 1  @a塑料废弃物的回收与利用技术@Asu liao fei qi wu de hui shou yu li yong ji shu@f刘均科 等编@Fliu jun ke deng bian
210    @a北京@c中国石化出版社@d2000
215    @a345@c插图@d20cm
606 0  @a化学工业废物@x废物处理
606 0  @a化学工业废物@x废物综合利用
606 0  @a化学工业废物
606 0  @a化学废物
606 0  @a化学废物@x废物处理
606 0  @a化学废物@x废物综合利用
690    @aX783.2@v3
701  0 @a刘均科@Aliu jun ke@4编
801  0 @aCN@bPFT@c20070929
905    @a213230@dX783.2@eh33@f1
    
    塑料废弃物的回收与利用技术/刘均科 等编.-北京:中国石化出版社,2000
    345:插图;20cm
    
    
    ISBN 7-80043-850-3:
    
●
相关链接 在E读中查询图书 在五车中查询图书 在当当中查询图书 在豆瓣中查询图书


正题名:塑料废弃物的回收与利用技术     索取号:X783.2/h33         预约/预借

序号 登录号 条形码 馆藏地/架位号 状态 备注
1 6001261   260012612   密集书库-化学系/ [索取号:X783.2/h33] 在馆    
唐山师范学院图书馆 欢迎您!
大连网信软件有限公司© 版权所有